Campeões Brasileiros de Polo Aquático - Statistics

Estatísticas Gerais
  • Esse quiz foi jogado 22 vezes
  • A pontuação média é 7 de 9
Estatísticas das Respostas
Ano Torneio Estado Campeão % Correto
2013-11 Liga Nacional RJ Fluminense
94%
2006, 2003, 2001-97 Troféu João Havelange RJ Fluminense
94%
2015 Liga Nacional RJ Botafogo
89%
2005, 1996-95 Troféu João Havelange RJ Botafogo
89%
1994 Troféu João Havelange RJ Flamengo
89%
2020-18, 2010-08 Liga Nacional SP Pinheiros
83%
2007, 2004 Troféu João Havelange SP Pinheiros
83%
2017-16, 2014 Liga Nacional SP SESI
33%
2002 Troféu João Havelange RJ Guanabara
22%
Nenhum quiz correspondente encontrado
Distribuição das Pontuações
Porcentagem de Pessoas com Cada Pontuação
Percentil de Números Respondidos
Sua Pontuação Histórica
Você não jogou esse quiz